000 01288cam a22001934a 4500
005 20250605164339.0
008 250528s ||||||||||||||||||||||||d
035 _a23533
040 _aGR-AtMCL
_bgre
_dGR-AtMCL
_eAACR2
245 1 _aGreece and Germany - Friendship in Crisis./Behind the Scenes of a Media - Fight and its Doorway to a European Identity Crisis
260 _c2014
300 _a86
520 _aIntroduction, the Utopia of Greek - German Friendship and the Wounds of a Media - War, Attempts to Look Beyond Stereotypes, Polytechnio 2.0 Myths and Struggles of (Press) Freedom and the Call for a New Revolution, Format Structure, Human Sources, Citizen Journalism, Secondary Sources and Own Observations, Journalism Ethics, Limitations Follow up Research and Suggestions for Publication, Interviews, Diogenis Dimitrakopoulos - Journalist at Deutsche Welle and Dialoggers, Stelios Theodorakis Philosopher and Self Studied Expert on European History, Waltraut Sperlich, Scientific Journalist and Owner of Publishing House LYSO, Elina Makri Editor in Chief Dialoggers, Cafebabel, Politeia, Conclusions, References.
700 1 _aCisowski Stephanie
_99107
700 1 _aΣτυλιανός Αλέξανδρος
_99108
942 _cDS
999 _c8534
_d8534